Architectural drawing

Na minha lista:
Detalhes bibliográficos
Autor principal: Dernie, David (Author)
Formato: Livro
Idioma:inglês
Publicado em: Londýn : Laurence King, 2010
Tags: Adicionar Tag
Sem tags, seja o primeiro a adicionar uma tag!

MARC

LEADER 00000nam a22000003a 4500
001 stu246413
005 20150617230154.0
008 120511s2010----uk------------------eng-d
020 |a 978-1-85669-679-1 
040 |a STU  |b slo 
041 0 |a eng 
044 |a uk 
100 1 |a Dernie, David  |4 aut 
245 1 |a Architectural drawing 
260 |a Londýn :  |b Laurence King,  |c 2010 
300 |a 208 s 
996 |b 284V032290  |c V*51446/O-22956  |l VVT  |s A  |a 24  |w stu246413_0001